| 000 | 00925nas a2200277 i 4500 | ||
|---|---|---|---|
| 999 |
_c200444504 _d62716 |
||
| 003 | TR-AnTOB | ||
| 005 | 20230214171055.0 | ||
| 007 | ta | ||
| 008 | 211021s20029999tu 00| 0 tur d | ||
| 040 |
_aTR-AnTOB _beng _erda _cTR-AnTOB |
||
| 041 | 0 | _atur | |
| 050 | 1 | 4 |
_aSB950.73.T9 _bY55 |
| 090 |
_aSB950.73.T9 _bY55 |
||
| 245 | 0 | 0 | _aYılı bitki koruma programı ve uygulama prensipleri. |
| 264 | 1 |
_aAnkara : _bTarım ve Köyişleri Bakanlığı, _c2002. |
|
| 300 |
_avolumes : _btables ; _c30 cm |
||
| 336 |
_2rdacontent _atext _btxt |
||
| 337 |
_2rdamedia _aunmediated _bn |
||
| 338 |
_2rdacarrier _avolume _bnc |
||
| 650 | 7 |
_aBitki koruma _zTürkiye _2etuturkob _932772 |
|
| 653 | _aBitki hasarları, hastalıkları, zararlıları 632 | ||
| 710 | 2 |
_aTürkiye. _bTarım ve Köyişleri Bakanlığı. _bKoruma ve Kontrol Genel Müdürlüğü _9135354 |
|
| 942 |
_2lcc _cCR |
||